Materials science of thin films (Record no. 352)

000 -LEADER
fixed length control field 00566nam a22002174a 4500
001 - CONTROL NUMBER
control field 352
003 - CONTROL NUMBER IDENTIFIER
control field BD-DhUET
008 - FIXED-LENGTH DATA ELEMENTS--GENERAL INFORMATION
fixed length control field 010328s2002 caua b 001 0 eng
020 ## - INTERNATIONAL STANDARD BOOK NUMBER
International Standard Book Number 9780125249850
020 ## - INTERNATIONAL STANDARD BOOK NUMBER
International Standard Book Number 9789381269534
040 ## - CATALOGING SOURCE
Original cataloging agency DLC
Transcribing agency 0
Modifying agency BD-DhUET
082 00 - DEWEY DECIMAL CLASSIFICATION NUMBER
Classification number 623.8152
Item number OHR/2002
100 ## - MAIN ENTRY--PERSONAL NAME
Personal name Ohring, Milton
245 10 - TITLE STATEMENT
Title Materials science of thin films
Remainder of title deposition and structure
250 ## - EDITION STATEMENT
Edition statement 2nd ed.
260 ## - PUBLICATION, DISTRIBUTION, ETC. (IMPRINT)
Place of publication, distribution, etc. New Delhi
Name of publisher, distributor, etc. Academic Press
Date of publication, distribution, etc. 2002
300 ## - PHYSICAL DESCRIPTION
Extent xxi, 794 p.
Other physical details
504 ## - BIBLIOGRAPHY, ETC. NOTE
Bibliography, etc Includes bibliographies
650 #0 - SUBJECT ADDED ENTRY--TOPICAL TERM
Topical term or geographic name as entry element Thin films
942 ## - ADDED ENTRY ELEMENTS (KOHA)
Koha item type General Book
Holdings
Koha out on loan Copy number Date acquired Shelving location Koha date last borrowed Location (home branch) Piece designation (barcode) Koha date last seen Sublocation or collection (holding branch) Koha full call number Lost status Source of classification or shelving scheme Price effective from Koha normalized classification for sorting Koha issues (times borrowed) Koha item type Withdrawn status Not for loan Damaged status
 12014-07-20Circulation section Central Library, BUET1116042014-07-20Central Library, BUET623.8152/OHR/2002  2014-07-20623_000000000000000_8152OHR200 General Book   
 22016-06-18Circulation section2023-11-08Central Library, BUET1147342024-06-12Central Library, BUET623.8152/OHR/2002  2016-10-02623_815200000000000_OHR_20021General Book   
2025-01-1232016-06-18Circulation section2024-01-13Central Library, BUET1147352024-01-13Central Library, BUET623.8152/OHR/2002  2016-10-02623_815200000000000_OHR_20021General Book   
 42018-06-27Reading section Central Library, BUET1166522018-09-22Central Library, BUET623.8152/OHR/2002  2018-09-22623_815200000000000_OHR_2002 General Book